La cuestión nacional y la autonomía / (Record no. 12816)

MARC details
000 -CABECERA
campo de control de longitud fija 00582nam a2200193 a 4500
005 - FECHA Y HORA DE LA ÚLTIMA TRANSACCIÓN
campo de control 20210219150355.0
008 - ELEMENTOS DE LONGITUD FIJA--INFORMACIÓN GENERAL
campo de control de longitud fija 991125s1979 mx 000 0 spa u
020 ## - NÚMERO INTERNACIONAL NORMALIZADO PARA LIBROS
Número Internacional Estándar del Libro 968230377X
035 ## - NÚMERO DE CONTROL DEL SISTEMA
Número de control de sistema UPN01000012816
049 ## - COLECCIÓN
Colección CG
050 #4 - SIGNATURA TOPOGRÁFICA DE LA BIBLIOTECA DEL CONGRESO
Número de clasificación HX273 L83
Número de documento/Ítem L8.28
100 1# - ASIENTO PRINCIPAL--NOMBRE PERSONAL
Nombre de persona Luxemburg, Rosa,
Fechas asociadas al nombre 1870-1919
245 13 - MENCIÓN DE TÍTULO
Título La cuestión nacional y la autonomía /
Mención de responsabilidad, etc. Rosa Luxemburg ; tr. de Ziuta G. de Kerlow.
260 ## - PUBLICACIÓN, DISTRIBUCIÓN, ETC.
Lugar de publicación, distribución, etc. México :
Nombre del editor, distribuidor, etc. Pasado y Presente,
Fecha de publicación, distribución, etc. 1979.
300 ## - DESCRIPCIÓN FÍSICA
Extensión 241 p.
440 #0 - MENCIÓN DE SERIE/ASIENTO SECUNDARIO--TÍTULO
Título Cuadernos de pasado y presente ;
Designación de volumen o secuencia 81
650 #4 - ASIENTO SECUNDARIO DE MATERIA - TERMINO TEMATICO
Término de materia o nombre geográfico como elemento de entrada SOCIALISMO EN ALEMANIA
905 ## - TIPO DE MATERIAL
Tipo de material Libro
Holdings
Estado de retiro Estado de pérdida Fuente del sistema de clasificación o colocación Estado dañado No para préstamo Código de colección Localización permanente Ubicación/localización actual Ubicación en estantería Total de préstamos Clasificación Código de barras Fecha visto por última vez Número de copia Tipo de ítem Koha
    Library of Congress Classification     Colección General Bib. Gregorio Torres Quintero Bib. Gregorio Torres Quintero Planta baja   HX273 L83 L8.28 7437 31/12/2020 1 Libro